10 Best US States to Live in - 2018 - Statistics

General Stats
  • This quiz has been taken 119 times
  • The average score is 7 of 10
Answer Stats
Hint Answer % Correct
6 Washington
80%
8 Massachusetts
78%
5 New Hampshire
75%
9 Vermont
75%
2 Minnesota
70%
10 Colorado
65%
1 Iowa
62%
3 Utah
58%
4 North Dakota
52%
7 Nebraska
45%
No matching quizzes found
Score Distribution
Percent of People with Each Score
Percentile by Number Answered
Your Score History
You have not taken this quiz